Building better products with finite element analysis /

This book is divided into four parts: Introduction to FEA and the analytical method; Finite element modeling basics; Advanced modeling techniques and applications; and Integrating simulation into product design strategy.

Đã lưu trong:
Chi tiết về thư mục
Tác giả chính: Adams, Vince, 1963-
Tác giả khác: Askenazi, Abraham.
Định dạng: Sách
Ngôn ngữ:English
Được phát hành: Santa Fe, NM : OnWord Press, 1999.
Những chủ đề:
Các nhãn: Thêm thẻ
Không có thẻ, Là người đầu tiên thẻ bản ghi này!
Thư viện lưu trữ: Mạng thư viện Đại học Đà Nẵng
LEADER 01384cam a2200361 i 4500
001 000049340
003 9084
005 20180119140413.0
008 010324b1999 vm 000 eng
020 |a 156690160X 
040 |a LRCC  |c LRCC  |d LRCC 
041 0 |a eng 
082 1 4 |a 620.00151535  |b AD-V 
100 1 |a Adams, Vince,  |d 1963- 
245 0 0 |a Building better products with finite element analysis /  |c Vince Adams and Abraham Askenazi. 
260 |a Santa Fe, NM :  |b OnWord Press,  |c 1999. 
300 |a 587 p. ;  |c 23cm. 
520 3 |a This book is divided into four parts: Introduction to FEA and the analytical method; Finite element modeling basics; Advanced modeling techniques and applications; and Integrating simulation into product design strategy. 
630 0 4 |a Finite element method. 
650 0 4 |a Finite element method. 
700 1 |a Askenazi, Abraham. 
OWN |a DUT 
AVA |a UDN50  |b DUT  |c Book  |d 620.00151535 AD-V  |e available  |t Error 5001 Not defined in file expand_doc_bib_avail.  |f 1  |g 0  |h N  |i 0  |j SH  |k 1 
999 |a From the UDN01 
AVA |a UDN50  |b DUT  |c Book  |d 620.00151535 AD-V  |e available  |t Error 5001 Not defined in file expand_doc_bib_avail.  |f 1  |g 0  |h N  |i 0  |j SH  |k 1 
TYP |a Monograph 
TYP |a Printed language 
980 |a Mạng thư viện Đại học Đà Nẵng